| 000 | 01143nam a22002657a 4500 | ||
|---|---|---|---|
| 999 |
_c7481 _d7481 |
||
| 003 | AR-CdUCM | ||
| 008 | 190320b ||||| |||| 00| 0 spa d | ||
| 040 |
_aMUNICIPALIDAD PROVINCIAL DEL CUSCO _cBIBLIOTECA MUNICIPAL DEL CUSCO |
||
| 041 | _heng | ||
| 082 |
_a630.8 / _bR56 |
||
| 110 |
_aServicio de conservación de suelos departamento de Agricultura de los Estados Unidos de América. _921034 |
||
| 245 | _aRiego por diques de contorno / | ||
| 260 |
_aMéxico D. F. : _bDiana, _c1972. |
||
| 300 |
_a51 páginas ; _bilustraciones, escalas, _c23 cm. |
||
| 440 |
_aColección Ingeniería de suelos. _n3 _921099 |
||
| 500 | _aManual de Ingeniería de suelos, colección 15: Riego. | ||
| 505 | _aContenido: Adaptabilidad -- Ventajas -- Limitaciones en uso -- Preparación necesaria del terreno -- Investigaciones detalladas -- Trazado del sistema de diques -- dimensiones del dique ... | ||
| 650 |
_aDiques _921100 |
||
| 650 |
_aRiegos _919535 |
||
| 650 |
_aTopografía _919239 |
||
| 700 |
_aÁvila de la Torre, Emilio (traductor) _921037 |
||
| 710 |
_aCentro Regional de Ayuda Técnica AID. _921038 |
||
| 942 |
_2ddc _cLIBROS |
||
| 945 | _aachl | ||